Caricamento...
Khoj ka tarjuma/
| Autore principale: | |
|---|---|
| Natura: | Printed Book |
| Pubblicazione: |
Delhi:
Ananya Prakashan,
2019.
|
| Soggetti: |
| LEADER | 00528nam a22001697a 4500 | ||
|---|---|---|---|
| 999 | |c 145210 |d 145210 | ||
| 020 | |a 9789387145948 | ||
| 082 | |a H1 |b SAN/K | ||
| 100 | |a Sandhya Kulkarni | ||
| 245 | |a Khoj ka tarjuma/ |c by Sandhya Kulkarni | ||
| 260 | |a Delhi: |b Ananya Prakashan, |c 2019. | ||
| 300 | |a 103p. | ||
| 650 | |a Poetry Hindi | ||
| 650 | |a Literature Hindi | ||
| 650 | |a Literature | ||
| 942 | |c BK | ||
| 952 | |0 0 |1 0 |4 0 |6 H_1_000000000000000_SAN_K |7 0 |9 103595 |a SSUS |b SSUS |c STACKS |d 2020-09-25 |g 250.00 |o H1 SAN/K |p 100575 |r 2020-09-25 |w 2020-09-25 |y BK | ||